Les forces navales européennes face aux « nouvelles menaces » en mer (notice n° 1603566)
[ vue normale ]
| 000 -LEADER | |
|---|---|
| fixed length control field | 02144cam a2200169 4500500 |
| 005 - DATE AND TIME OF LATEST TRANSACTION | |
| control field | 20251228092718.0 |
| 041 ## - LANGUAGE CODE | |
| Language code of text/sound track or separate title | fre |
| 042 ## - AUTHENTICATION CODE | |
| Authentication code | dc |
| 100 10 - MAIN ENTRY--PERSONAL NAME | |
| Personal name | Germond, Basil |
| Relator term | author |
| 245 00 - TITLE STATEMENT | |
| Title | Les forces navales européennes face aux « nouvelles menaces » en mer |
| 260 ## - PUBLICATION, DISTRIBUTION, ETC. | |
| Date of publication, distribution, etc. | 2006.<br/> |
| 500 ## - GENERAL NOTE | |
| General note | 4 |
| 520 ## - SUMMARY, ETC. | |
| Summary, etc. | Les forces navales européennes face aux « nouvelles menaces » en merLes « nouvelles menaces » à la sécurité définies par les Européens dans la période post-guerre froide s’expriment fortement en mer en raison des libertés inhérentes au milieu marin, telles qu’une relative liberté juridique et des frontières au caractère poreux. Nous pouvons notamment relever le terrorisme en mer, la criminalité transnationale et l’immigration illégale, et enfin la pollution marine et l’atteinte aux ressources halieutiques. Notre étude démontre que les forces navales européennes, flexibles, polyvalentes et interopérables, se sont relativement bien adaptées pour répondre à ces menaces. Cependant, les tâches de police et de service public en mer nécessitent, pour être réellement efficaces, un haut degré de coopération aux niveaux national et international. |
| 520 ## - SUMMARY, ETC. | |
| Summary, etc. | Les forces navales européennes face aux « nouvelles menaces » en merThe « new security threats » defined by the Europeans in the post-cold war era strongly concern the maritime milieu, due to the jurisdictional freedom and the porous nature of the frontiers at sea. We can notably pick out maritime terrorism, transnational criminality and illegal migration, and finally maritime pollution and threats to marine resources. Our study demonstrates that the flexible, versatile and interoperable European naval forces respond relatively well to these threats. Nevertheless, to be really efficient, police and constabulary tasks require a high degree of cooperation both at national and international level. |
| 786 0# - DATA SOURCE ENTRY | |
| Note | Relations internationales | 125 | 1 | 2006-03-01 | p. 45-58 | 0335-2013 |
| 856 41 - ELECTRONIC LOCATION AND ACCESS | |
| Uniform Resource Identifier | <a href="https://shs.cairn.info/revue-relations-internationales-2006-1-page-45?lang=fr&redirect-ssocas=7080">https://shs.cairn.info/revue-relations-internationales-2006-1-page-45?lang=fr&redirect-ssocas=7080</a> |
Pas d'exemplaire disponible.




Réseaux sociaux